Team Building (Record no. 347881)

000 -LEADER
fixed length control field 00417 a2200157 4500
020 ## - INTERNATIONAL STANDARD BOOK NUMBER
International Standard Book Number 8176490148
022 ## - INTERNATIONAL STANDARD SERIAL NUMBER
International Standard Serial Number 9788176490146
082 ## - DEWEY DECIMAL CLASSIFICATION NUMBER
Classification number 658.402
090 ## - LOCALLY ASSIGNED LC-TYPE CALL NUMBER (OCLC); LOCAL CALL NUMBER (RLIN)
-- 5474
-- 5474
100 ## - MAIN ENTRY--PERSONAL NAME
Personal name Parker,Glenn M.
245 ## - TITLE STATEMENT
Title Team Building
Remainder of title A Sourcebook of Activities
Statement of responsibility, etc. Glenn M Parker
260 ## - PUBLICATION, DISTRIBUTION, ETC.
Place of publication, distribution, etc. New Delhi
Name of publisher, distributor, etc. Viva books Private limited
Date of publication, distribution, etc. 1999
300 ## - PHYSICAL DESCRIPTION
Extent 202p
500 ## - GENERAL NOTE
General note Paper cover
942 ## - ADDED ENTRY ELEMENTS (KOHA)
Institution code [OBSOLETE] NBS
Koha item type Book
Call number prefix 658.402 PAR
Holdings
Withdrawn status Lost status Damaged status Not for loan Permanent Location Current Location Date acquired Total Checkouts Full call number Barcode Date last seen Price effective from Koha item type
        Central Library (CL) Central Library (CL) 08/28/2013   658.402 PAR NBS2979 08/28/2013 08/28/2013 Book
        Central Library (CL) Central Library (CL) 08/28/2013   658.402 PAR NBS2933 08/28/2013 08/28/2013 Book
© 2023 Central Library, National University of Sciences and Technology. All Rights Reserved.